000 01231nam a22003497a 4500
003 CHAP
005 20220329133903.0
008 971013s1976 r 00010 d
010 _a12272
011 _a13244
035 _a17315
040 _cCHAP
090 _aTesis
100 0 0 _aBashbush Bauza, Miguel Angel.
_910687
245 _aMéxico
_b: tenencia y sociedad : dialéctica de los ejidos colectivos en la Comarca Lagunera y un estudio directo en Tlahualilo, Durango
260 _aMéxico, D. F. :
_bEl autor,
_c1976
300 _a294 h.
502 _aTesis (Lic. en Economía) -- UNAM. Fac. de Economía
590 _aALEPH
_b10
_c20130110
_lUCH01
_h1231
590 _aBATCH-UPD
_b10
_c20130110
_lUCH01
_h0151
590 _aBATCH-UPD
_b10
_c20130110
_lUCH01
_h1700
590 _aCONVERSION
_b10
_c20130109
_lUCH01
_h1308
650 1 4 _aComarca Lagunera
_xCondiciones rurales.
_925528
650 1 4 _aDurango
_xCondiciones rurales.
_934555
650 1 4 _aEjidos
_xComarca Lagunera.
_936012
650 1 4 _aEjidos
_xDurango.
_936014
650 1 4 _aTierras
_xTenencia
_xHistoria.
_9113171
901 _aBK
942 _cTESIS
949 _bBC
_cTES
_d-40946
_eTS1
_h17967
_i17315
_si
949 _bBC
_cTES
_d-40948
_eTS1
_fc.2
_h18003
_i17315
_si
999 _c12272
_d12272